01026cam a22002411 4500001001300000003000400013005001700017008004100034010001700075035001900092040002700111042001200138050001700150082001000167110006900177245026100246260002900507300001800536505013400554650004200688710003700730999001700767e 40000743 DLC20260227111229.0771122s1940 dcu 001 0 eng  ae 40000743  a(OCoLC)3437696 aDLCcMsHaUdOCoLCdDLC apremarc00aLB1741b.A65 a370.72 aAmerican Council on Education.bCommission on Teacher Education.10aCultural and social elements in the education of teachers.cCommission on teacher education, American council on education; Educational policies commission, National education association of the United States, American association of school administrators. aWashington, D.C.c[1940] a51 p.c23 cm.0 aForeword.--General education and teacher education, by K. W. Bigelow.--The social responsibilities of teachers, by Lewis Mumford. 0aTeachersxTraining ofzUnited States.2 aEducational Policies Commission. c21749d21749